00527nam a2200181 a 45000010010000000030011000100080041000210350026000620820012000881000022001002450024001222600048001466500014001949420012002089520090002209980020003109990015003300000-8799ELIB.Books110520 1975  a(ELIB.Books)0000-8945 aB bEll aElliot, Elizabeth aThese strange Ashes bLondon: Harper & Brothers Publishers c1975 aBiography 2ddccBK 00102ddc4070aKBTSbKBTSd2011-05-20l0p1914r2022-01-22 00:00:00w2022-01-22yBK cbate2011-05-20 c8799d8799